MARC

LEADER 00000nam0a2200000 4500
001 257664
005 20231101233226.0
035 |a (RuTPU)RU\TPU\book\280480 
035 |a RU\TPU\book\280478 
090 |a 257664 
100 |a 20140418d1986 k y0rusy50 ca 
101 0 |a rus 
102 |a RU 
105 |a a z 001zy 
200 1 |a Теплофизика  |e сборник научных трудов  |f Ленинградский политехнический институт им. М. И. Калинина (ЛПИ) ; под ред. Ю. С. Васильева 
210 |a Ленинград  |c Изд-во ЛПИ  |d 1986 
215 |a 148 с.  |c ил. 
225 1 |a Труды Ленинградского политехнического института им. М. И. Калинина (ЛПИ)  |v № 418 
320 |a Библиография в конце статей 
606 1 |a Теплофизика  |2 stltpush  |3 (RuTPU)RU\TPU\subj\59814  |9 77311 
610 1 |a теплофизические свойства 
610 1 |a теплофизические процессы 
610 1 |a теплофизические исследования 
610 1 |a конвективный теплообмен 
610 1 |a однофазные системы 
610 1 |a многофазные системы 
610 1 |a термоядерные реакторы 
610 1 |a топливо 
675 |a 536  |v 3 
702 1 |a Васильев  |b Ю. С.  |4 340 
712 0 2 |a Ленинградский политехнический институт им. М. И. Калинина (ЛПИ)  |c (1924-1930, 1940-1990)  |2 stltpush  |3 (RuTPU)RU\TPU\col\2601 
801 1 |a RU  |b 63413507  |c 20120516 
801 2 |a RU  |b 63413507  |c 20151019  |g RCR 
942 |c BK